000 01277nam a2200157 a 4500
005 20260322212009.0
008 data
099 _aDVD 940
100 1 _aLucas, George,
_d1944-
245 1 4 _aThe story of Star Wars.
_cGeorge Lucas.
260 _aBevery Hills, CA :
_b20th Century Fox Home Entertainment,
_c2005.
300 _aDVD video 1 videodisc (65 min.) : sd., col. ;
_b4 3/4 in.
520 _aThe Skywalker family is the heart of the Star Wars saga. Now hear the inside story of Luke and Anakin Skywalker from the characters who witnessed it all: the famous droid duo C-3PO and R2-D2! Episodes IV, V, and VI are explored in "The Story of Luke Skywalker," which follows the young man escaping from his daily chores on Tatooine to his becoming a hero in the Rebel Alliance. In "The Story of Anakin Skywalker," you'll go behind the mask of the the greatest Star Wars willain and discover how Darth Vader started life as a young Podracing champion on Tatooine and later became a headstrong young Jedi seduced by the dark side of the Force. With clips from the Star Wars films, C-3PO and R2-D2 take you on an hour-long journey through the saga and prepare you for the explosive final chapter: Star Wars: Episode III Revenge of the Sith.
650 0 _aScience fiction films
001 data
999 _c171
_d171